[Event "RUS-ch 53rd"]
[Site "Samara"]
[Date "2000.06.18"]
[Round "2"]
[White "Zvjaginsev, Vadim"]
[Black "Varavin, Viktor"]
[Result "1-0"]
[WhiteElo "2641"]
[BlackElo "2410"]
[Annotator "Finkel,A"]
[PlyCount "87"]
[EventDate "2000.06.03"]
[EventType "swiss"]
[EventRounds "11"]
[EventCountry "RUS"]
[SourceTitle "CBM 078"]
[Source "ChessBase"]
[SourceDate "2000.10.18"]
[SourceVersion "1"]
[SourceVersionDate "2000.10.18"]
[SourceQuality "1"]

1. d4 Nf6 2. Nf3 d6 3. g3 Nc6 (3... Nbd7 4. Bg2 e5 5. c4 Be7 6. O-O O-O 7. Qc2
c6 8. Nc3 Re8 9. Rd1 Bf8 10. b3 a6 11. e4 Qa5 12. h3 b5 13. cxb5 {1/2-1/2
Kengis,E-Shabalov,A/Bonn GSK 1994}) 4. Bg2 e5 5. dxe5 dxe5 (5... Nxe5 6. Nxe5
dxe5 7. Qxd8+ Kxd8 8. Nd2 Bc5 9. Nc4 Re8 10. Bd2 Nd7 11. O-O-O $14 {Liebert,
H-Braun,G/BL2-O 1994}) 6. Qxd8+ Kxd8 7. O-O Bf5 8. c4 Bxb1 $6 {There was no
need to give up the bishop.Better was} (8... Bd6 9. Nc3 Ke7 10. Bg5 Be6 11. b3
Rhd8 12. Rfd1 $14) (8... e4 $2 9. Ng5 Ke8 (9... Ne5 10. Bf4 $16 {[%csl Rf7]})
10. Nc3 Nd4 11. e3 Nc2 12. Rb1 $16 {[%csl Re4]}) 9. Rxb1 a5 10. a3 Nd7 11. Be3
f6 ({Doen't work} 11... Bc5 12. Ng5 $1 Ke8 13. Rbd1 Bxe3 14. fxe3 Nf6 (14...
Nd8 15. Nxf7 Nxf7 16. Bxb7 $1 (16. Rxf7 $6 Kxf7 17. Rxd7+ Kf6 18. Rxc7 Rac8 $11
) 16... Rd8 17. Bc6 Nd6 18. c5 $18) 15. Bxc6+ bxc6 16. Rf5 $16 {and white gets
big advantage in both cases.}) 12. Rfd1 Ke8 13. Rd5 $1 $14 {[%csl Rc5] Not
permitting black to play Bc5.} Rd8 (13... Nb6 $5 14. Bxb6 cxb6 15. Rbd1 Rd8 16.
Rxd8+ Nxd8 17. Bh3 $14 {[%cal Gh3d7,Gd7b5,Gd1d7]}) 14. Rbd1 Ndb8 15. Nd2 $1 {
Knight comes to b5 from where it will put an additional pressure on the
position of black.} Be7 16. Ne4 b6 17. Nc3 Na6 18. Nb5 Ncb8 (18... Kf7 19. R1d3
Ke6 20. f4 $16) 19. Rxd8+ Bxd8 20. f4 $1 exf4 $6 (20... Be7 21. Be4 g6 22. fxe5
fxe5 23. Kg2 $14) 21. gxf4 Be7 22. Kf1 Bc5 $6 {After this careless move blck
pawn on a5 becomes a turget for white pieces.} (22... f5 $5 $14) 23. Bxc5 bxc5
24. Bb7 $1 Ke7 25. Na7 $1 $18 {[%csl Ra5]} Rd8 (25... a4 26. Nc6+ Ke6 27. Rd5
$18) 26. Rxd8 Kxd8 27. Bxa6 Nxa6 28. Nc6+ Kd7 29. Nxa5 {Now white is a pawn up
and the rest is a matter of technique.} g5 30. Kf2 $1 Ke6 31. Kf3 Kf5 32. e4+
Ke6 33. Nb3 Kd6 34. Nc1 Nb8 35. Nd3 $1 Nc6 36. e5+ Ke6 (36... fxe5 37. fxe5+
Nxe5+ (37... Ke6 38. Ke4 $18 {[%cal Gd3c5]}) 38. Nxe5 Kxe5 39. a4 $1 h5 40. a5
Kd6 41. Ke4 Kc6 42. Kf5 Kb7 43. Kxg5 Ka6 44. Kxh5 Kxa5 45. Kg4 Kb4 46. h4 Kxc4
47. h5 $18) 37. exf6 Kxf6 38. Nxc5 Kf5 39. fxg5 Ne5+ 40. Kg3 Kxg5 41. Ne6+ Kf5
42. Nxc7 Nxc4 43. a4 Ke5 44. b4 1-0

[Event "RUS-ch 53rd"]
[Site "Samara"]
[Date "2000.06.26"]
[Round "10"]
[White "Yevseev, Denis"]
[Black "Grechihin, Valery"]
[Result "1-0"]
[WhiteElo "2496"]
[BlackElo "2521"]
[Annotator "Finkel,A"]
[PlyCount "84"]
[EventDate "2000.06.03"]
[EventType "swiss"]
[EventRounds "11"]
[EventCountry "RUS"]
[SourceTitle "CBM 078"]
[Source "ChessBase"]
[SourceDate "2000.10.18"]
[SourceVersion "1"]
[SourceVersionDate "2000.10.18"]
[SourceQuality "1"]

1. d4 Nf6 2. Bg5 c6 $5 {One of the possible ways to meet Bg5.} 3. Nc3 (3. Bxf6
gxf6 (3... exf6 4. c3 d5 5. e3 Bd6 6. Bd3 Be6 7. Qc2 g6 8. h4 f5 $11 {Di
Giugno,F-Bartolini,T/Montecatini Terme op 1994}) 4. e3 d5 5. c4 e6 6. Nc3 Nd7
7. cxd5 cxd5 8. Nh3 f5 9. Nf4 Nf6 10. Bd3 a6 $11 {Ibaez Tarradellas,E-Gamundi,
A/ESP-ch 1997}) (3. c3 Qb6 4. Qc2 d5 5. Nd2 Nbd7 6. e3 e5 $6 7. dxe5 Ng4 8. e6
fxe6 9. Bd3 Ngf6 10. Bxh7 $1 $16 {Van der Wiel,J-Georgiev,K/Katerini op 1992})
3... Qb6 (3... d5 4. Qd3 Na6 5. O-O-O Qa5 6. a3 b5 7. Bd2 b4 8. Na2 e6 9. f3
Rb8 10. c4 Qa4 $36 {Toby,A-De Rooij,G/NLD-chT9596}) 4. Rb1 (4. Qd2 Qxb2 5. Rb1
Qa3 6. e4 Qa5 7. Bd3 d6 8. f4 e6 9. Nf3 Be7 10. O-O Qd8 11. e5 $36 {Ignatescu,
R-Ceteras,M/ROM-chT 1993}) 4... d5 5. Bxf6 exf6 (5... gxf6 6. e3 e5 7. Be2 Bf5
8. Nf3 Nd7 $11) 6. e3 Bb4 {After this move black also doesnt have any problems
to keep the position equal,but bishop has nothing to do on b4 that's why black
should prefer} (6... Bd6 7. Bd3 f5 8. Qf3 g6 (8... f4 9. Nge2 fxe3 10. fxe3 Be6
11. O-O Nd7 12. Nf4 O-O $11) 9. Nge2 Be6 10. O-O Nd7 11. Nf4 O-O 12. Nce2 Nf6
$11 {with equal chanses.}) 7. Qd2 Bf5 8. Nge2 Nd7 9. Ng3 Be6 10. Bd3 c5 $6 {
[%csl Rd5] This move is saurse of black's troubles-the pawn on d5 becomes
weakness,which needs perminent protection.} (10... g6 11. a3 Bd6 12. O-O O-O
13. Nce2 f5 $11) 11. a3 cxd4 12. exd4 (12. axb4 dxc3 13. Qxc3 Ne5 14. Qc5 Nxd3+
(14... Qxc5 15. bxc5 Rc8 16. Ra1 $1 $14) 15. cxd3 Kd7 $1 $11) 12... Bd6 (12...
Bxc3 13. Qxc3 O-O 14. O-O Rac8 15. Qd2 $14) 13. Nf5 O-O (13... Bf8 $5 14. Qe3 (
14. Na4 Qc6) (14. O-O g6 15. Ne3 Qxd4 $15) 14... g6 15. Nh4 $5 Qd6 16. O-O Bg7
17. f4 f5 18. Nf3 $14) 14. O-O g6 15. Nxd6 Qxd6 16. Ne2 $14 {[%csl Rd5,Re6]} f5
$6 (16... Nb6 17. Qf4 Qxf4 18. Nxf4 Nc4 $6 19. Rfe1 $1 Rfe8 20. Re2 Kf8 21. b3
Nd6 22. Rbe1 $16) 17. Qf4 Qxf4 18. Nxf4 {[%csl Re6] Black bishop looks more
like a pawn!} Nf6 19. Rfe1 Bd7 (19... Rfe8 20. Re5 Re7 21. Rbe1 Rae8 22. Bb5
Rc8 23. c3 a6 24. Ba4 b5 25. Bb3 $18) 20. Re5 Bc6 21. f3 $1 {[%csl Ge4] Taking
control of square e4.} Rfe8 (21... Rfd8 22. Kf2 Kf8 23. h4 Rac8 24. Rbe1 Rc7
$14) 22. b4 $6 a6 (22... Red8 $5) 23. Rbe1 Rxe5 24. Rxe5 Nd7 25. Re1 b5 $6 {
Creating to himself another weakness.} 26. Kf2 a5 27. Ne2 axb4 (27... Nb6 28.
Rb1 (28. Nc3 axb4 29. axb4 Ra3) 28... axb4 29. axb4 f6 30. Nc3 (30. Ke3) 30...
Nc4 31. Bxc4 dxc4 32. d5 Bd7 33. Ke3 $16) 28. axb4 Ra4 29. Rb1 Nb6 30. Nc3 $18
Ra8 (30... Ra3 31. Rb3 $1 Rxb3 32. cxb3 Kf8 33. Bxb5 Bxb5 34. Nxb5 Ke7 35. Nc3
$18 {[%cal Gc3a4]}) 31. Nxb5 Bxb5 32. Bxb5 Rc8 33. Bd3 Kf8 34. Ra1 Ke7 35. Ra7+
Ke6 36. Ke2 {[%cal Gb4b5,Ge2d2,Gd2a5]} f4 37. Kd2 h5 38. Rb7 Rc6 39. b5 $1 Rd6
40. Kc3 h4 41. Kb4 h3 42. gxh3 g5 1-0

[Event "Corus-B"]
[Site "Wijk aan Zee"]
[Date "2004.01.24"]
[Round "12"]
[White "Fressinet, Laurent"]
[Black "Dominguez Perez, Leinier"]
[Result "1/2-1/2"]
[WhiteElo "2636"]
[BlackElo "2605"]
[Annotator "Finkel,A"]
[PlyCount "105"]
[EventDate "2004.01.10"]
[EventType "tourn"]
[EventRounds "13"]
[EventCountry "NED"]
[EventCategory "13"]
[SourceTitle "CBM 099"]
[Source "ChessBase"]
[SourceDate "2004.03.30"]
[SourceVersion "1"]
[SourceVersionDate "2004.03.30"]
[SourceQuality "1"]

{[%mdl 512]} 1. d4 Nf6 2. Bg5 Ne4 3. Bf4 c5 4. f3 Qa5+ 5. c3 Nf6 6. d5 e6 (6...
Qb6 7. Bc1 $5 e6 8. c4 $14) 7. e4 d6 {Somehow this move appears to be
premature.} (7... exd5 $5 8. exd5 d6 9. Ne2 $5 (9. Qe2+ Be7 10. Bxd6 Nxd5 11.
Bxb8 Rxb8 12. Qe5 Qb6 $1 13. Qxd5 Qxb2 14. Qe5 O-O 15. Qxe7 Bf5 16. Qg5 Bg6 17.
Nd2 Qxa1+ 18. Kf2 Rfe8 $17 {Popov,V-Novik,M/St.Petersburg 1992}) 9... Nbd7 10.
Nd2 Nb6 11. b4 $1 cxb4 12. c4 Be7 13. Nd4 Bd7 14. N2b3 $14 {Gulko,B-Browne,W/
USA-ch 1992}) 8. dxe6 $1 {That's the main drawback of 7...e6.} (8. Na3 exd5 9.
exd5 Be7 10. Bd3 (10. Nc4 Qd8 11. g4 O-O 12. a4 Re8 13. Ne2 Na6 14. Bg2 Bf8 15.
Qd2 Nc7 16. Ne3 Rb8 17. h4 $14 {Krylov,D-Bragin,A/Lipetsk 1993}) (10. g4 Nbd7
11. Nc4 Qc7 12. a4 O-O 13. Ne2 Re8 14. Kf2 Nf8 15. Ng3 Ng6 16. Be3 Nd7 $132 {
Benjamin,J-Ivanov,A/World Open, Philadelphia USA 1999}) (10. Ne2 Nh5 11. Be3
O-O 12. Qd2 f5 13. Nf4 Nxf4 14. Bxf4 Qd8 15. Bd3 a6 16. O-O b5 17. Rfe1 Bf6 $11
{Ferreira,N-Damaso,R/Campo Grande 2001}) 10... Nbd7 11. Nc4 Qc7 12. Ne3 Nh5 13.
Bg3 Ndf6 14. Ne2 Nxg3 15. hxg3 Bd7 16. a4 O-O-O 17. Qc2 h5 $15 {Kerma,
S-Pavasovic,D/Slovenia 1992}) (8. Qd2 exd5 9. exd5 Be7 10. c4 Qxd2+ 11. Nxd2 b5
12. Ne2 {1/2-1/2 Gormally,D-Stocek,J/Port Erin 2001/CBM 84 ext (12)}) 8... Bxe6
9. Na3 (9. Bxd6 $6 Bxd6 10. Qxd6 Nc6 11. Nd2 Rd8 12. Qf4 O-O 13. Ne2 Qb6 14. b3
c4 $36 {Krasnov,V-Vorobiov,E/St Petersburg 1998}) 9... d5 $5 {Giving up a
castle, but getting rid of the weakness on d6.} (9... Nc6 10. Nc4 Bxc4 11. Bxc4
Be7 12. Qb3 $6 (12. Ne2 $5) 12... O-O 13. Qxb7 Rab8 14. Qxc6 Rxb2 $40 {Wells,
P-Hamdouchi,H/Pulvermuehle 2000}) 10. Bxb8 Rxb8 11. Bb5+ Ke7 12. e5 (12. Qe2)
12... Nd7 (12... Ne8 13. f4 Nc7 14. Bd3 b5 15. Nc2 d4 16. b4 $16 {Shantharam,
K-Muralidharan,M/India 1994}) 13. f4 g6 14. Ne2 $6 {I don't quite get white's
idea because the knight is much more active on f3.} (14. Nf3 $5 Bg7 15. O-O
Rbd8 (15... Rhd8 $6 {[%csl Rh7]} 16. Ng5 Nf8 17. Qe1 $36 {[%cal Ge1h4]}) 16.
Be2 f6 17. Qd2 $14) 14... Bg7 15. Bxd7 Kxd7 16. O-O Rbd8 17. Nc2 Kc8 18. b4
cxb4 (18... Qc7 19. bxc5 Qxc5+ 20. Ncd4 $14) 19. Nxb4 $1 {This move is
stronger than} (19. cxb4 Qb6+ 20. Ned4 f6 21. exf6 Bxf6 22. a4 Bd7 $13 {
and black is doing fine.}) 19... f6 20. Nd4 Rhe8 21. Nd3 Kb8 (21... Qc7 22. Rb1
Bd7 $132) 22. Qb3 Rc8 23. Rab1 b6 24. Nb4 Bd7 25. e6 $1 (25. exf6 Bxf6 26. Qxd5
Qxd5 27. Nxd5 Bg7 $44 {[%csl Rc3,Gg7]}) 25... Ba4 26. Qa3 (26. Qxd5 $6 Qxd5 27.
Nxd5 f5 $13) 26... Ka8 27. Nxd5 f5 28. Nb5 Bxb5 29. Qxa5 bxa5 30. Rxb5 Bxc3 31.
Rfb1 (31. Nxc3 Rxc3 32. Re1 Re7 33. Rxa5 Kb7 34. Re2 Rc6 35. Rae5 Kc7 $14)
31... Bb4 (31... Rxe6 $4 32. Rb8+ Rxb8 33. Nc7#) 32. a3 a6 33. Rb6 (33. axb4
axb5 34. Nb6+ Kb7 35. Nxc8 Rxc8 36. bxa5 Ka6 $11) 33... Bc5+ 34. Kf1 Bxb6 35.
Nxb6+ Ka7 36. Nxc8+ Rxc8 37. Re1 Re8 38. e7 (38. Kf2 Kb6 39. Kg3 Kc5 40. Kh4 h6
41. g4 fxg4 42. Kxg4 Kd6 43. f5 gxf5+ 44. Kxf5 Rf8+ 45. Kg6 Ke7 46. h4 Rf6+ 47.
Kh5 Rf4 $14) 38... Kb6 39. Re5 Kc6 40. Rxa5 Rxe7 41. Rxa6+ Kd5 42. Ra4 (42. Kf2
Rb7 43. Kg3 Rb3+ 44. Kh4 Rb2 45. Kh3 Ra2 $14) 42... Rc7 43. Kf2 Rc3 44. h3 Rb3
$1 $11 45. Ra7 Ke4 46. Ra4+ Kd5 47. Kg1 Rb1+ 48. Kh2 Rb3 49. h4 Rc3 50. g3 h5
51. Kh3 Rb3 52. Kg2 Rb2+ 53. Kf3 1/2-1/2

[Event "American Continental 2nd"]
[Site "Buenos Aires"]
[Date "2003.08.19"]
[Round "3"]
[White "Garcia Palermo, Carlos H"]
[Black "Nakamura, Hikaru"]
[Result "0-1"]
[WhiteElo "2443"]
[BlackElo "2568"]
[Annotator "Finkel,A"]
[PlyCount "70"]
[EventDate "2003.08.17"]
[EventType "swiss"]
[EventRounds "11"]
[EventCountry "ARG"]
[SourceTitle "CBM 097"]
[Source "ChessBase"]
[SourceDate "2003.11.11"]
[SourceVersion "1"]
[SourceVersionDate "2003.11.11"]
[SourceQuality "1"]

1. d4 Nf6 2. Bg5 c5 3. Bxf6 gxf6 4. d5 Qb6 5. Qc1 f5 6. g3 Bg7 7. c3 e6 8. Bg2
Na6 {Very messy variation. Till certain point in the game it was very
difficult to understand what was going on, but then young american star
delivered great attack just out of the blue.} (8... O-O 9. Na3 d6 10. Qd2 e5
11. Nf3 Qd8 12. O-O Nd7 13. Rad1 Qf6 14. Qg5 e4 15. Qxf6 Nxf6 16. Nh4 $14 {
Eiber,M-Kreuzer,G/Germany 1996}) (8... exd5 9. Bxd5 Nc6 10. Na3 Ne7 11. Nc4 Qc7
12. Qd2 O-O 13. Rd1 d6 14. Ne3 $14 {Stiller,J-Schindler,V/Bayern 2000}) (8...
d6 9. Nh3 e5 10. Nd2 Bh6 11. e3 Bd7 12. a4 Qc7 13. Qd1 Qd8 14. a5 Na6 15. Nc4
Bb5 16. b3 Qf6 $13 {Lerner,D-Mirabile,T/Stratton Mountain 1999}) 9. Na3 (9. Nh3
Nc7 10. dxe6 fxe6 11. e4 fxe4 12. Bxe4 d5 13. Bg2 e5 $15 {Kaloskambis,
M-Tsekouras,T/Halkidiki 2002}) 9... Nc7 10. Nc4 Qa6 11. Qf4 O-O 12. Nh3 (12.
Ne3 Qb6 13. Nc4 Qa6 14. Ne3 Qb6 15. Nh3 Qxb2 16. O-O Ne8 17. Rfc1 Qxe2 $17 {
Welling,G-Baljon,C/Leeuwarden 1997}) 12... d6 13. O-O e5 14. Qh4 f4 ({Black
could win a pawn, but it would harldy improved his chances in the forthcoming
play.} 14... e4 $6 15. Ne3 Qxe2 16. Rab1 $40 {[%cal Gh3f4,Gf4h5]}) 15. b3 b5
16. Nd2 f5 17. a4 $6 {Starting the play on the quenside white just helps black
to bring his awkwardly placed pieces to the better positions.} (17. gxf4 e4 18.
c4 bxc4 (18... Bxa1 $2 19. Ng5 $18) 19. bxc4 h6 $132) 17... bxa4 18. Nc4 Nb5
19. Rxa4 Qb7 $15 20. Na5 Qf7 21. Rc1 fxg3 (21... e4) 22. Qxg3 f4 23. Qd3 Qh5
24. Nxf4 exf4 25. Qxb5 f3 $1 {Black is getting started!} 26. exf3 (26. Bxf3 $2
Qg5+ {[%csl Rc1]}) 26... Bh3 27. Qf1 Rxf3 28. Bxh3 (28. Nc4 Bh6 29. Re1 Kh8 $19
{[%cal Ga8g8]}) 28... Rxh3 29. Qg2 Kh8 $1 $19 30. Rg4 Be5 31. Nc6 $6 (31. Rg3
$8 Bxg3 32. fxg3 Re8 {[%cal Ge8e2]} 33. Qf2 Qxd5) 31... Bxh2+ 32. Kf1 Bf4 $1
33. Ne7 Rh1+ 34. Ke2 Rxc1 35. Kd3 Qf7 0-1

[Event "EU-Cup 19th"]
[Site "Rethymno"]
[Date "2003.10.01"]
[Round "4.3"]
[White "Palliser, Richard"]
[Black "Babula, Vlastimil"]
[Result "0-1"]
[WhiteElo "2438"]
[BlackElo "2550"]
[Annotator "Finkel,A"]
[PlyCount "55"]
[EventDate "2003.09.28"]
[EventType "team-swiss"]
[EventRounds "7"]
[EventCountry "GRE"]
[SourceTitle "CBM 098"]
[Source "ChessBase"]
[SourceDate "2004.02.03"]
[SourceVersion "1"]
[SourceVersionDate "2004.02.03"]
[SourceQuality "1"]
[WhiteTeam "Barbican"]
[BlackTeam "Werder Bremen"]
[WhiteTeamCountry "ENG"]
[BlackTeamCountry "GER"]

1. d4 Nf6 2. Bg5 Ne4 3. Bf4 d5 4. e3 Bf5 5. f3 (5. Nd2) 5... Nf6 6. c4 e6 7.
Qb3 b6 8. Nc3 c6 9. g4 Bg6 10. h4 h5 11. g5 Ng8 12. Nh3 (12. cxd5 $5 exd5 13.
e4 Bd6 (13... dxe4 14. O-O-O Bd6 15. Nh3 (15. Bxd6 Qxd6 16. Nxe4 Qf4+ 17. Nd2
Ne7 $14) 15... exf3 16. d5 $1 Ne7 17. dxc6 Bxf4+ 18. Nxf4 Qc7 19. Nxg6 Nxg6 20.
Nd5 Qxc6+ 21. Kb1 O-O 22. Qxf3 $16 {[%csl Ra8,Rb8]}) 14. Nh3 Ne7 15. O-O-O O-O
16. Bd3 a5 17. Rhe1 $14 {McShane,L-Jansa,V/Germany 2002}) 12... Bd6 13. O-O-O
Ne7 14. e4 O-O 15. Bd3 $6 {I don't quite get the purpose of this move. More
logical was to take on d6 followed by e5 and Nf4.} (15. Kb1 a5 16. cxd5 cxd5
17. Ka1 Nbc6 18. Bb5 a4 19. Bxa4 Na5 20. Qb5 Nc4 $44 {Kinsman,A-Jansa,V/
Wrexham 1998}) (15. Bxd6 Qxd6 16. e5 Qc7 17. Nf4 Nd7 18. Nxg6 Nxg6 19. Kb1 $14)
15... dxc4 16. Bxc4 b5 17. Be2 (17. Bf1 a5 18. Kb1 a4 19. Qc2 Na6) 17... a5 18.
a4 $6 Na6 19. axb5 a4 $1 20. Qxa4 (20. Nxa4 cxb5 21. Nc5 Nxc5 22. dxc5 Bxf4+
23. Nxf4 Qc7 24. Nd3 Nc6 $36) 20... Nc7 21. Qb3 cxb5 $36 22. e5 $4 {[%cal
Gg6b1] Opening up diagonal b1-g6 is identical to the suicide under the
circumstances.} Bc5 $1 $19 23. Ne4 (23. Bd3 Bxd3 24. Rxd3 Ra1+ 25. Nb1 Bb6 26.
Qc2 Nf5 {[%cal Gf5d4,Gc7d5]}) 23... Bxd4 24. Bd3 (24. Kb1 Nf5 25. Rd2 Nd5 26.
Rhd1 Qa5 27. Qa3 Qb6 28. Qb3 Ra5 $19 {[%cal Gf8a8]}) 24... Ncd5 25. Nf6+ $6
gxf6 26. gxf6 Nxf4 27. fxe7 (27. Nxf4 Qa5 28. fxe7 Be3+ 29. Kc2 Rfc8+ 30. Qc3
Rxc3+ 31. bxc3 Qa2#) 27... Ra1+ 28. Kd2 0-1

[Event "Lausanne YM 4th"]
[Site "Lausanne"]
[Date "2003.09.20"]
[Round "2.3"]
[White "Mamedyarov, Shakhriyar"]
[Black "McShane, Luke J"]
[Result "0-1"]
[WhiteElo "2585"]
[BlackElo "2619"]
[Annotator "Finkel,A"]
[PlyCount "61"]
[EventDate "2003.09.17"]
[EventType "k.o."]
[EventRounds "3"]
[EventCountry "SUI"]
[SourceTitle "CBM 098"]
[Source "ChessBase"]
[SourceDate "2004.02.03"]
[SourceVersion "1"]
[SourceVersionDate "2004.02.03"]
[SourceQuality "1"]

1. d4 Nf6 2. Bg5 c5 3. d5 d6 4. c4 h6 $5 {It's not easy to refer to this move,
which doesn't look very logial, but white didn't manage to reveal it's
drawbacks and was severeky crushed.} (4... e6 5. Nc3 Be7 6. dxe6 Bxe6 7. e4 Nc6
8. Nf3 O-O 9. Be2 Rb8 10. O-O a6 11. a4 Re8 12. Qc2 $14 {Parr,F-Lane,G/Torquay
1982}) (4... g6 5. Nc3 Bg7 6. e4 O-O 7. Qd2 Na6 8. f3 Bd7 9. Nge2 Rb8 10. g4
Nc7 11. Ng3 $36 {Klokas,K-Papagrigoriou,V/Nikea 2002}) (4... b5 5. cxb5 a6 6.
Bxf6 gxf6 7. e4 Bg7 8. Nc3 f5 9. bxa6 Qa5 $44 {Konenkin,D-Ganizhev,M/Serpukhov
2003} 10. h4) 5. Bf4 $6 {I'm sure that this one is not the best reaction to 4..
.h6} (5. Bxf6) 5... e5 6. dxe6 Bxe6 $13 7. Nc3 {White is still looking for an
opening advantage.} (7. e3 d5 8. Qb3 Nc6 (8... Qd7 9. Nc3 Nc6 10. O-O-O d4 11.
Nf3 $36) 9. Qxb7 Na5 10. Qc7 Qxc7 11. Bxc7 Nxc4 12. Bxc4 dxc4 13. Nc3 Nd5 $11)
7... Bxc4 $1 8. Qa4+ b5 9. Nxb5 Bxb5 10. Qxb5+ Nbd7 11. O-O-O $6 {[%csl Rc1]
Such a move simply can't be good. Black's initiative over the b-file is just
too dangerous.} (11. Qb3 d5 12. Nf3 Qb6 13. Qxb6 axb6 14. e3 c4 15. Nd4 Bb4+
16. Ke2 $13) 11... Rb8 12. Qd3 Qb6 $36 13. b3 $6 {[%csl Rb3]} (13. Qc2) 13...
Ne5 14. Qc2 c4 $1 15. Nf3 (15. bxc4 Qa5 $19 16. Rd4 $140 Ne4 $1) 15... cxb3 16.
axb3 Nc6 $1 {Black prefers to keep as many pieces as he can on the board.} (
16... Nxf3 17. exf3 Be7 18. Bc4 O-O 19. Rhe1 $132) 17. Kb2 Nb4 18. Qc4 Be7 19.
Nd4 Nfd5 $1 $19 {[%cal Ge7f6]} 20. g3 O-O 21. Bh3 Bf6 22. e3 g5 23. e4 Nc6 24.
exd5 Nxd4 25. Be3 Nxb3+ 26. Kc2 Qa5 27. Kd3 Qa2 28. Qc2 Nc5+ 29. Bxc5 Rb3+ 30.
Kd2 Rb2 31. Ke1 0-1

[Event "Pula zt 1.2"]
[Site "Pula"]
[Date "2000.04.11"]
[Round "1"]
[White "Gabriel, Christian"]
[Black "Grosar, Aljosa"]
[Result "1-0"]
[WhiteElo "2564"]
[BlackElo "2449"]
[Annotator "Finkel,A"]
[PlyCount "89"]
[EventDate "2000.04.11"]
[EventType "swiss"]
[EventRounds "11"]
[EventCountry "CRO"]
[SourceTitle "CBM 077"]
[Source "ChessBase"]
[SourceDate "2000.07.27"]
[SourceVersion "1"]
[SourceVersionDate "2000.07.27"]
[SourceQuality "1"]

1. d4 Nf6 2. Bg5 e6 3. e4 h6 4. Bxf6 Qxf6 5. Nc3 d6 6. Qd2 g6 (6... g5) 7. f4
$1 (7. O-O-O Bg7 8. f4 g5 9. g3 Nc6 10. e5 $5 Qd8 11. d5 exd5 12. exd6 Qxd6 13.
Re1+ Kf8 14. Qxd5 $14 {Fernandez Siles,L-Ramesh,R/Ubeda op 1996}) 7... Bg7 8.
O-O-O a6 (8... O-O 9. Nf3 Nd7 (9... b6 10. Be2 Bb7 11. g4 c5 12. g5 hxg5 13.
fxg5 Qe7 14. d5 $14 {Miltner,A-Migl,D/BL2-S9596}) 10. h4 h5 $2 11. e5 Qe7 12.
Ne4 a5 13. Bd3 Bh6 14. Nfg5 $16 {Orlov,G-Reyes,E/Seattle Washingt-ch 1995}) 9.
Nf3 b5 (9... Qe7 10. f5 $5 g5 11. g4 Nc6 12. Bg2 Bd7 13. Rhf1 O-O-O 14. Rde1
$14 {Zlochevskij,A-Sbarra,M/Celle Ligure op 1996}) (9... Nd7 10. Bd3 g5 11. g3
b6 12. e5 Qe7 13. Rhe1 g4 14. Nh4 dxe5 15. Be4 Rb8 16. fxe5 $16 {Malmstig,
E-Livner,A/SWE-chJ 1995}) 10. Bd3 b4 $6 {Careless move with disasterous
consequances for black:after 10...b4 black king will not find a safe shelter
on the queenside-it means it will not find a shelter at all!} (10... Nd7 11. h4
Bb7 (11... c5 12. e5 Qe7 13. Ne4 dxe5 14. dxe5 O-O 15. h5 $16) 12. e5 (12. g4
e5 13. dxe5 Nxe5 $1 14. Nxe5 dxe5 15. f5 gxf5 16. gxf5 O-O-O $15) 12... Qe7 13.
h5 gxh5 14. Rxh5 O-O-O $132 {[%cal Gc7c5]}) 11. Ne2 a5 12. h4 Ba6 13. g4 $1 Qe7
14. g5 e5 $2 {This move looks like a suicide:black almost forced to give up
the bishop.} (14... d5 15. exd5 exd5 16. f5 $1 Bxd3 17. Qxd3 gxf5 18. Nf4 $1
$16 {[%csl Rd5,Rf5]}) (14... Nd7) 15. dxe5 dxe5 16. f5 $16 {[%cal Gf5f6]} hxg5
17. hxg5 Rxh1 18. Rxh1 Nd7 (18... Bxd3 19. cxd3 $2 (19. Qxd3 $6 gxf5 20. exf5 (
20. Rh7 Kf8 21. exf5 e4 22. f6 exd3 23. fxe7+ Kxe7 24. cxd3 Kf8 $11) 20... e4
21. Qd2 exf3 22. f6 Bxf6 23. gxf6 Qxf6 24. Qe3+ Kf8 25. Nf4 $36) (19. f6 Bxf6
20. gxf6 Qxf6 21. Qxd3 $18) 19... gxf5 20. exf5 Qd7 $13 {[%cal Gd7c6,Gd7f5]})
19. f6 Nxf6 20. gxf6 Qxf6 21. Qe3 $18 a4 22. Nd2 (22. Bxa6 Rxa6 23. Rd1 b3 $6
24. cxb3 axb3 25. Qxb3 $18) 22... Rd8 23. Bxa6 Qxa6 24. Kb1 Qb5 25. Nc1 Rd4 (
25... c5 26. b3 $1) 26. b3 $1 {[%csl Gc4]} Qc6 27. Ne2 Rd8 28. Nc4 Bf8 29. Nxe5
Qe6 30. Nc4 Bg7 31. e5 axb3 32. axb3 Ra8 33. Qd4 (33. Rd1 $5 Qa6 34. Kc1 (34.
Qd4 Qa2+ 35. Kc1 Bh6+) 34... Qa1+ 35. Kd2 Rd8+ $2 36. Nd6+ $1 $18) 33... Qa6
34. Qb2 Rd8 35. Nf4 Qc6 36. Qc1 Ra8 37. Nd3 Qa6 38. Qb2 Qb7 39. Rh7 Kf8 40. Rh2
g5 41. Qd4 g4 42. Ne3 Qa6 43. Nxg4 Qa2+ 44. Kc1 Qa3+ 45. Kd2 1-0